| 000 | 00527nam a22001457a 4500 | ||
|---|---|---|---|
| 999 |
_c535722 _d535722 |
||
| 082 | _a621.3678 | ||
| 100 | _aAsghar, Absar | ||
| 245 |
_aEnhancing Road Safety through GIS: Identifying Areas of Potential Improvement – A Case Study of Islamabad / _cAbsar Asghar. |
||
| 260 |
_aIslamabad : _bIGIS - NUST, _c2015. |
||
| 300 |
_a80 p. : ill. ; _c30cm. |
||
| 942 |
_2ddc _cTHE |
||
| 650 |
_aRemote Sensing & GIS - MS Theses. _928080 |
||
| 700 |
_aSup Dr. Salman Atif. _930499 |
||